00462nam a22001457a 4500003000400000008004100004082002100045100003900066245003600105260010400141300001000245650001800255650002800273650001500301OSt241118b |||||||| |||| 00| 0 eng d a630.711058bT12A aTamil Nadu Agricultural University a37th Annual Report, 2007 - 2008 a.- Coimbatoreb: Tamil Nadu Agricultural University, Directorate of Planning and Monitoringc, 2008 a112p. aAnnual Report aAgricultural University aCoimbatore